| 000 | 00752nam a22002297a 4500 | ||
|---|---|---|---|
| 999 |
_c13903 _d13903 |
||
| 003 | AR-CdUCM | ||
| 008 | 190416b ||||| |||| 00| 0 spa d | ||
| 020 | _a958-04-4277-0 | ||
| 040 |
_aMUNICIPALIDAD PROVINCIAL DEL CUSCO _cBIBLIOTECA MUNICIPAL DEL CUSCO |
||
| 082 |
_aEP / 803 / _bR47 |
||
| 100 |
_aReyes, Yolanda. _925805 |
||
| 245 | _aMaría de los dinosaurios / | ||
| 260 |
_aColombia : _bGrupo editorial Norma, _c2007. |
||
| 300 |
_a83 paginas ; _c19 cm. |
||
| 440 |
_aColección torre de papel roja. _932503 |
||
| 505 | _aContenido :María de los dinosaurios ... | ||
| 650 |
_aCuentos _9217 |
||
| 650 |
_aHistorietas _910786 |
||
| 700 |
_aRavassa G., María del Mar (traducción) _932499 |
||
| 942 |
_2ddc _cLIBROS |
||
| 945 |
_arum _d2019-04-16 |
||